Clarinet trios

Další autoři: Milhaud, Darius, 1892-1974, Peterková, Ludmila, 1967-, Stravinsky, Igor, 1882-1971, Bartók, Béla, 1881-1945, Chačaturjan, Aram, 1903-1978, Cibulková, Markéta, Demeterová, Gabriela, 1971-
Jazyk: Čeština
Vydáno: Praha : Supraphon, p2000
Témata:
Fyzický popis: 1 CD : DDD, stereo ; 12 cm + 1 brožura (27 s.).
Zvukové nahrávky
Uloženo v:
LEADER 01843njm a2200457 a 4500
001 000546091
003 CZ BrMZK
005 20060214135906.0
008 010907s2000 xr f cze d
028 0 3 |a SU 3481-2 131  |b Supraphon 
040 |a BOA001  |b cze 
080 |a 785.73(086.7)  |2 MRF 
245 0 0 |a Clarinet trios  |h [zvukový záznam] 
246 3 3 |a Contrast for violin, clarinet and piano 
246 3 3 |a Suite for violin, clarinet and piano, Op. 157b 
246 3 3 |a Trio for clarinet, violin and piano 
246 3 3 |a 20th century clarinet trios 
246 3 3 |a <<L' >>historie du soldat 
260 |a Praha :  |b Supraphon,  |c p2000 
300 |a 1 CD :  |b DDD, stereo ;  |c 12 cm +  |e 1 brožura (27 s.). 
306 |a 005754 
500 |a Text v brož. vícejaz. 
500 |a Nahr. 2000 
500 |a Durata 57:54 
505 2 |a Contrast for violin, clarinet and piano, Trio for clarinet, violin and piano, Suite for violin, clarinet and piano ... [et al.] 
511 0 |a Ludmila Peterková, klarinet; Gabriela Demeterová, housle; Markéta Cibulková, klavír 
653 0 |a klarinetová tria 
700 1 |a Milhaud, Darius,  |d 1892-1974  |7 jn19990005716 
700 1 |a Peterková, Ludmila,  |d 1967-  |7 jn19981001968  |4 prf 
700 1 |a Stravinsky, Igor,  |d 1882-1971  |7 jn19992001136 
700 1 |a Bartók, Béla,  |d 1881-1945  |7 jn19990000488 
700 1 |a Chačaturjan, Aram,  |d 1903-1978  |7 jn19990210290 
700 1 |a Cibulková, Markéta 
700 1 |a Demeterová, Gabriela,  |d 1971-  |7 jn19990209137 
730 0 |a Suity,  |m housle, klarinet, klavír,  |n op. 157b 
730 0 |a Tria,  |m klarinet, housle, klavír 
730 0 |a Suity,  |m housle, klarinet, klavír 
910 |a BOA001  |b CD-0009.196 
964 |a Tria klarinetová  |x CD 
990 |a AV 
996 6 |b 261H009897  |c CD-0009.196  |l MZK  |r Sklad / do 24 hodin  |n 1  |p v.  |w 000546091  |u 000010  |a 1  |e BOA001  |j MZK50  |s P